000 00956cam a22003253a 4500
001 4313
003 PGUSA
005 20140828083052.0
008 030801s2003||||xxu|||||s|||||000 1 eng d
040 _aPGUSA
_beng
042 _adc
050 4 _aPR
100 1 _aGissing, George,
_d1857-1903
245 1 4 _aThe Odd Women
_h[electronic resource] /
_cGeorge Gissing
260 _bProject Gutenberg,
_c2003
506 _aPublic domain in the USA.
516 _aElectronic text
653 _aPsychological fiction
653 _aEnglish fiction -- 19th century
653 _aLondon (England) -- Fiction
653 _aMiddle class women -- Fiction
653 _aWomen -- Employment -- Fiction
653 _aSisters -- Fiction
653 _aDomestic fiction
653 _aWomen -- England -- Fiction
653 _aSingle women -- Fiction
830 0 _aProject Gutenberg
_v4313
856 4 0 _uhttp://www.gutenberg.org/ebooks/4313
942 _cEB
999 _c233642
_d233642